Statistiken für Südamerika Karten Quiz

Klicken Sie hier um das Quiz zu spielen!

Allgemein

  • Dieses Quiz wurde 27 mal gespielt
  • Das Durchschnittsergebnis liegt bei 2 aus 14

Antworten auf der Karte

Die Antworten werden auf der Karte rot bzw. grün angezeigt, abhängig davon wie oft sie richtig erraten wurden.
 

Antwortstatistiken

Antwort% Korrekt
Argentinien
54%
Bolivien
50%
Brasilien
38%
Ecuador
13%
Chile
8%
Falkland Inseln
8%
Französisch Guyana
8%
Paraguay
8%
Uruguay
8%
Venezuela
4%
Guyana
0%
Kolumbien
0%
Peru
0%
Surinam
0%

Verteilung der Resultate

Perzentil nach korrekt beantworteten Fragen

Anzahl Personen mit jedem Resultat

Ihre Resultats-Entwicklung

Sie haben dieses Quiz noch nicht gespielt